Landkreise in Mecklenburg-Vorpommern - Sudden Death - Statistiken

Allgemein
  • Dieses Quiz wurde 51 mal gespielt
  • Das Durchschnittsergebnis liegt bei 5 aus 6
Answers on the Grid
Answers color-coded by a green-red scale on the quiz's grid according to % correct below.
Vorpommern-Rügen
Mecklenburgische Seenplatte
Südostmecklenburg
Müritz
Wismar
Rostock
Vorpommern-Stralsund
Vorpommern-Greifswald
Güstrow
Usedom
Ludwigslust-Parchim
Westpommern
Prignitz
Nordwestmecklenburg
Anklam
 
Antwortstatistiken
Antwort % Korrekt
Ludwigslust-Parchim
85%
Mecklenburgische Seenplatte
85%
Rostock
85%
Vorpommern-Greifswald
83%
Vorpommern-Rügen
83%
Nordwestmecklenburg
78%
Keine übereinstimmenden Quizze gefunden
Verteilung der Resultate
Anzahl Personen mit jedem Resultat
Perzentil nach korrekt beantworteten Fragen
Ihre Resultats-Entwicklung
Sie haben dieses Quiz noch nicht gespielt